Το χάντ μπώλ : τεχνική-τακτική
Αποθηκεύτηκε σε:
| Κύριος συγγραφέας: | |
|---|---|
| Μορφή: | Βιβλίο |
| Γλώσσα: | Greek |
| Δημοσίευση: |
[Αθήνα] :
[χ.ό.],
1982
|
| Θέματα: | |
| Ετικέτες: |
Προσθήκη ετικέτας
Δεν υπάρχουν, Καταχωρήστε ετικέτα πρώτοι!
|
MARC
| LEADER | 00000nam a2200000 i 4500 | ||
|---|---|---|---|
| 001 | 1/92101 | ||
| 008 | 991110s1982 gre d | ||
| 035 | |l 10053901 | ||
| 040 | |a GR-MY-UA |b gre |e aacr | ||
| 041 | 0 | |a gre | |
| 082 | 0 | |a 796.312 | |
| 100 | 1 | |a Καρράς, Δ. | |
| 245 | 1 | 3 | |a Το χάντ μπώλ : |b τεχνική-τακτική / |c Δημ. Καρρά |
| 260 | |a [Αθήνα] : |b [χ.ό.], |c 1982 | ||
| 300 | |a 291 σ. | ||
| 650 | 0 | 0 | |a Handball |x Technique. |
| 650 | 0 | 0 | |a Handball. |
| 852 | |a INST |b RHODES |e 19991110 |h 796.312 ΚΑΡ |p 005400008083 |q 005400008083 |t BK |y 0 | ||
| 909 | |a Ρ |b 019815 | ||
| 922 | |a 4ΔΩΡ |b 199105 |c ΔΩΡΕΑ | ||
| 970 | |a ΧΟΡΟΖΙΔΟΥ |b ΤΖΕΝΗ |z 1999/11/10 | ||